Lengua castellana y comunicación : texto del estudiante : 4º medio /

Spremljeno u:
Bibliografski detalji
Glavni autor: Arribas Benito, Juan (coord.)
Daljnji autori: Carreño Bolívar, Rubí (coordinación) (coordinación)
Format: Knjiga
Jezik:španjolski
Izdano: Santiago, Chile : Mare Nostrum, 2000, c2000
Izdanje:2a edición
Serija:(Texto del Estudiante Mare Nostrum)
Teme:
Oznake: Dodaj oznaku
Bez oznaka, Budi prvi tko označuje ovaj zapis!

MARC

LEADER 00000nam^a2200000^a^4500
001 000185965
005 20250521000000.0
009 20260310102209.203
020 |a 84-923499-6-4 
037 |a Acervo ITESO - Biblioteca 
041 |a ESP 
082 |a 460. 7083  |b LEN V. 4 
100 |a Arribas Benito, Juan  |e (coord.) 
240 1 1 |a [Lengua castellana y comunicación] 
245 1 0 |a Lengua castellana y comunicación :  |b texto del estudiante : 4º medio /  |c Coord. de J. Arribas Benito, R. Carreño Bolívar. 
250 |a 2a edición 
264 4 |a Santiago, Chile :  |b Mare Nostrum,  |c 2000, c2000 
300 |a 338 p. 
336 |a texto  |b txt  |2 rdacontenido 
337 |a sin mediación  |b n  |2 rdamedio 
338 |a volumen  |b nc  |2 rdasoporte 
440 1 |a (Texto del Estudiante Mare Nostrum) 
649 |a XX 
650 |a Libros de Texto -  |z Chile 
650 |a Apoyos Didácticos -  |z Chile 
650 |a Proceso Educativo -  |z Chile 
650 |a Educación Media -  |z Chile 
650 |a Sociedad Postindustrial 
650 |a Argumentación 
650 |a Persuasión 
650 |a Narración (Retórica) 
650 |a Objetividad Informativa 
650 |a Noticieros 
650 |a Telenovelas 
650 |a Música Popular 
650 |a Cultura Popular 
650 |a Televisión 
650 |a Lenguaje Cinematográfico 
650 |a Cine 
650 |a Medios de Comunicación 
650 |a Ensayos -  |x Teoría 
650 |a Identidad Cultural 
650 |a Oratoria 
650 |a Comunicación Oral 
650 |a Comunicación -  |z Chile -  |x Estudio y Enseñanza 
650 |a Literatura Fantástica -  |z Chile -  |x Estudio y Enseñanza 
650 |a Literatura Popular -  |z Chile -  |x Estudio y Enseñanza 
650 |a Literatura -  |z Chile -  |x Estudio y Enseñanza 
650 |a Español -  |z Chile -  |x Estudio y Enseñanza 
650 |a Lingüística -  |z Chile -  |x Estudio y Enseñanza 
700 |a Carreño Bolívar, Rubí  |e (coordinación) 
910 |a Fondo General 
920 |a Impresos - Libros 
930 |a Colección General 
905 |a 101 
901 |a 0500127485  |b IT1  |c ACC  |u 20250521 
902 |a https://opac.biblio.iteso.mx/vufind/Record/000185965